Historia de España
Guardat en:
| Autor principal: | |
|---|---|
| Format: | Llibre |
| Idioma: | espanyol |
| Publicat: |
Barcelona, España
Carroggio
1979
|
| Matèries: | |
| Etiquetes: |
Afegir etiqueta
Sense etiquetes, Sigues el primer a etiquetar aquest registre!
|
MARC
| LEADER | 00000nam a2200000 a 4500 | ||
|---|---|---|---|
| 001 | UCO1592 | ||
| 003 | CL-VaPUC | ||
| 005 | 20210521001546.0 | ||
| 008 | 000519e19790000SP |||||||||||||||||spa|d | ||
| 999 | |c 288200 |d 288198 | ||
| 040 | |c Pontificia Universidad Católica de Valparaíso | ||
| 082 | 0 | 4 | |a 946 CAR 1979 |2 21 |
| 100 | 0 | |a Carroggio, Fernando |e author |9 443940 | |
| 245 | 1 | 0 | |a Historia de España |
| 260 | |a Barcelona, España |b Carroggio |c 1979 | ||
| 300 | |a 6 volúmenes | ||
| 500 | |a v.1: Prehistoria y Edad Antigua | ||
| 500 | |a v.2: Edad Media | ||
| 500 | |a v.3: Edad Moderna I | ||
| 500 | |a v.4: Edad Moderna II | ||
| 500 | |a v.5: El Siglo XIX | ||
| 500 | |a v.6: El Siglo XX | ||
| 583 | |a last modification |c 20000519 00:00:00 |k Rodrigo Vera | ||
| 650 | 0 | |a Historia de España |9 315435 | |
| 651 | 0 | |a España |9 254926 | |
| 942 | |c BK |2 ddc | ||
| 945 | |d 20000519 00:00:00 |a rherrera | ||
| 952 | |0 0 |1 0 |2 ddc |4 0 |6 946_000000000000000_CAR_1979 |7 0 |8 A |9 335699 |a BIBHIS |b BIBHIS |d 2019-11-20 |h v.1 |i 3089045 |o 946 CAR 1979 |p 3089045 |r 2025-01-20 |t 1 |w 2019-11-20 |y BK |k HIS | ||
| 952 | |0 0 |1 0 |2 ddc |4 0 |6 946_000000000000000_CAR_1979 |7 0 |8 A |9 335700 |a BIBHIS |b BIBHIS |d 2019-11-20 |h v.2 |i 3089088 |o 946 CAR 1979 |p 3089088 |r 2025-01-20 |t 1 |w 2019-11-20 |y BK |k HIS | ||
| 952 | |0 0 |1 0 |2 ddc |4 0 |6 946_000000000000000_CAR_1979 |7 0 |8 A |9 335701 |a BIBHIS |b BIBHIS |d 2019-11-20 |h v.3 |i 308907K |o 946 CAR 1979 |p 308907K |r 2025-01-20 |t 1 |w 2019-11-20 |y BK |k HIS | ||
| 952 | |0 0 |1 0 |2 ddc |4 0 |6 946_000000000000000_CAR_1979 |7 0 |8 A |9 335702 |a BIBHIS |b BIBHIS |d 2019-11-20 |h v.4 |i 3089053 |o 946 CAR 1979 |p 3089053 |r 2025-01-20 |t 1 |w 2019-11-20 |y BK |k HIS | ||
| 952 | |0 0 |1 0 |2 ddc |4 0 |6 946_000000000000000_CAR_1979 |7 0 |8 A |9 335703 |a BIBHIS |b BIBHIS |d 2019-11-20 |h v.6 |i 3089037 |o 946 CAR 1979 |p 3089037 |r 2025-01-20 |t 1 |w 2019-11-20 |y BK |k HIS | ||
| 952 | |0 0 |1 0 |2 ddc |4 0 |6 946_000000000000000_CAR_1979 |7 0 |8 A |9 335704 |a BIBHIS |b BIBHIS |d 2019-11-20 |h v.5 |i 3089061 |o 946 CAR 1979 |p 3089061 |r 2025-01-20 |t 1 |w 2019-11-20 |y BK |k HIS | ||
| 952 | |0 0 |1 0 |2 ddc |4 0 |6 946_000000000000000_CAR_1979 |7 0 |8 A |9 335705 |a BIBHIS |b BIBHIS |d 2019-11-20 |h v.1 |i 1267604 |o 946 CAR 1979 |p 1267604 |r 2025-01-20 |t 2 |w 2019-11-20 |y BK |k HIS | ||
| 952 | |0 0 |1 0 |2 ddc |4 0 |6 946_000000000000000_CAR_1979 |7 0 |8 A |9 335706 |a BIBHIS |b BIBHIS |d 2019-11-20 |h v.2 |i 1267612 |o 946 CAR 1979 |p 1267612 |r 2025-01-20 |t 2 |w 2019-11-20 |y BK |k HIS | ||
| 952 | |0 0 |1 0 |2 ddc |4 0 |6 946_000000000000000_CAR_1979 |7 0 |8 A |9 335707 |a BIBHIS |b BIBHIS |d 2019-11-20 |h v.3 |i 1267620 |o 946 CAR 1979 |p 1267620 |r 2025-01-20 |t 2 |w 2019-11-20 |y BK |k HIS | ||
| 952 | |0 0 |1 0 |2 ddc |4 0 |6 946_000000000000000_CAR_1979 |7 0 |8 A |9 335708 |a BIBHIS |b BIBHIS |d 2019-11-20 |h v.4 |i 1267639 |o 946 CAR 1979 |p 1267639 |r 2025-01-20 |t 2 |w 2019-11-20 |y BK |k HIS | ||
| 952 | |0 0 |1 0 |2 ddc |4 0 |6 946_000000000000000_CAR_1979 |7 0 |8 A |9 335709 |a BIBHIS |b BIBHIS |d 2019-11-20 |h v.5 |i 1267647 |o 946 CAR 1979 |p 1267647 |r 2025-01-20 |t 2 |w 2019-11-20 |y BK |k HIS | ||
| 952 | |0 0 |1 0 |2 ddc |4 0 |6 946_000000000000000_CAR_1979 |7 0 |8 A |9 335710 |a BIBHIS |b BIBHIS |d 2019-11-20 |h v.6 |i 1267655 |o 946 CAR 1979 |p 1267655 |r 2025-01-20 |t 2 |w 2019-11-20 |y BK |k HIS | ||